|
|
|
|
| LEADER |
01674nam a2200433 a 4500 |
| 001 |
EBC3386192 |
| 003 |
MiAaPQ |
| 005 |
20200520144314.0 |
| 006 |
m o d | |
| 007 |
cr cn||||||||| |
| 008 |
000516s2001 enk sb 001 0deng d |
| 010 |
|
|
|z 00009581
|
| 020 |
|
|
|z 0745316980
|
| 020 |
|
|
|z 0745316972 (pbk.)
|
| 020 |
|
|
|z 9780745316987
|
| 020 |
|
|
|a 9781849641067 (electronic bk.)
|
| 035 |
|
|
|a (MiAaPQ)EBC3386192
|
| 035 |
|
|
|a (Au-PeEL)EBL3386192
|
| 035 |
|
|
|a (CaPaEBR)ebr10479670
|
| 035 |
|
|
|a (CaONFJC)MIL987613
|
| 035 |
|
|
|a (OCoLC)50825285
|
| 040 |
|
|
|a MiAaPQ
|c MiAaPQ
|d MiAaPQ
|
| 050 |
|
4 |
|a HX39.5
|b .O37 2001
|
| 082 |
0 |
4 |
|a 335.4
|2 21
|
| 100 |
1 |
|
|a Oishi, Takahisa,
|d 1950-
|
| 245 |
1 |
4 |
|a The unknown Marx
|h [electronic resource] :
|b reconstructing a unified perspective /
|c Takahisa Oishi ; foreword by Terrell Carver.
|
| 260 |
|
|
|a London ;
|a Sterling Va. :
|b Pluto Press in association with Takushoku University, Tokyo,
|c 2001.
|
| 300 |
|
|
|a xxv, 214 p.
|
| 504 |
|
|
|a Includes bibliographical references and index.
|
| 505 |
0 |
|
|a pt. 1. Marx's dialectical method -- pt. 2. Marx's first critique of political economy -- pt. 3. The totality of Marx's system.
|
| 533 |
|
|
|a Electronic reproduction. Ann Arbor, MI : ProQuest, 2015. Available via World Wide Web. Access may be limited to ProQuest affiliated libraries.
|
| 600 |
1 |
0 |
|a Marx, Karl,
|d 1818-1883.
|
| 650 |
|
0 |
|a Philosophy, Marxist.
|
| 650 |
|
0 |
|a Capitalism.
|
| 650 |
|
0 |
|a Communism.
|
| 655 |
|
4 |
|a Electronic books.
|
| 700 |
1 |
|
|a Carver, Terrell.
|
| 710 |
2 |
|
|a ProQuest (Firm)
|
| 856 |
4 |
0 |
|u https://ebookcentral.proquest.com/lib/matrademy/detail.action?docID=3386192
|z Click to View
|